000 00599nam a2200181Ia 4500
003 IN-BaIIA
008 211028s9999 xx 000 0 eng d
020 _a0-19-564931-3
040 _cIIA Library
080 _a92:5
_bCHR
100 _aChristianson, G. E.
_922689
245 0 _aIsaac Newton
_band the scientific revolution
_cG. E. Christianson
260 _aMumbai
_bOxford University Press
_c1999
300 _a155p
490 _aOxford Portraits in Science
650 _aIsaac Newton
_919841
942 _cBK
999 _c12927
_d12927